00568nam a2200169 i 450000100060000000300090000600500170001500700030003200800410003510000290007624501050010526000660021030000220027670000210029870000230031985200560034252513ES-MaACL20230906162609.0t|030829s1902 fr ||||1| fre d1 aChejov, Anton Pavlovich.13aUn meurtre / cAnton Tchekhov ; traduit du russe par Claire Ducreux ; préface de André Beaunier. aParis : bEdit. de la Revue Blanche, c[1902] (fP. Mouillot) a271 p. ; c19 cm.1 aDucreux, Claire.1 aBeaunier, André. aES-MaACLjG-3418 q. - Encuadernado con otras obras